|
|
|
|
| LEADER |
00000nam a22000007a 4500 |
| 003 |
AR-RoUNA |
| 005 |
20190731130551.0 |
| 008 |
180726b xxu||||| |||| 00| 0 spa d |
| 999 |
|
|
|c 8642
|d 8642
|
| 040 |
|
|
|a AR-RoUNA
|b spa
|
| 041 |
|
|
|a spa
|
| 044 |
|
|
|a ag
|
| 100 |
1 |
|
|9 11609
|a Crantz, Paul
|
| 245 |
|
|
|a Aritmética y álgebra /
|c P. Crantz ; traducción Fernando Lorente de Nó
|
| 250 |
|
|
|a 4a. ed.
|
| 260 |
|
|
|a Buenos Aires :
|b Labor,
|c 1940
|
| 300 |
|
|
|a 329 p. :
|b Figuras
|b láms.
|c 19x12 cm
|
| 490 |
|
|
|a Colección Labor. Ciencias Exactas, Física y Química
|v v. 35-36
|
| 505 |
0 |
|
|a LIBRO PRIMERO
|t PRIMERA PARTE :Las cuatro reglas fundamentales y las ecuaciones de primer grado
|
| 505 |
0 |
|
|a SEGUNDA PARTE :
|t La potenciación y sus inversas. Ecuaciones cuadráticas
|t Radiación
|t Ecuaciones cuadráticas
|t Logaritmación
|
| 505 |
0 |
|
|a LIBRO SEGUNDO.
|t PRIMERA PARTE: Ecuaciones
|t SEGUNDA PARTE Progresiones artiméticas y geométricas
|t TERCERA PARTE : Interés compuesto y rentas
|t CUARTA PARTE : Números complejos
|t QUINTA PARTE : Pontencia de un binomio
|
| 700 |
1 |
|
|a Lorente de Nó, Fernando
|9 11611
|e tra
|
| 908 |
|
|
|a Imp
|
| 930 |
|
|
|e 2489
|
| 942 |
|
|
|2 udc
|c LIB
|
| 945 |
|
|
|a MEM
|